| 000 | 01051nam a2200265Ia 4500 | ||
|---|---|---|---|
| 003 | IN-BaIIA | ||
| 008 | 211028s9999 xx 000 0 eng d | ||
| 020 | _a90-277-0246-2 | ||
| 040 | _cIIA Library | ||
| 080 |
_a082.2:52 _bIAU-S49 |
||
| 111 |
_aInternational Astronomical Union Symposium _n49th _cArgentina _d1971 Oct. 18-24 _912939 |
||
| 245 | 0 |
_aWolf-rayet and high temperature stars _bproceedings of the International Astronomical Union symposium No.49 held in Buenos Aires Argentina, August 9-14, 1971 _cedited by M. K. V. Bappu and J. Sahade |
|
| 260 |
_aDordrecht _bD. Reidel Publishing _c1973 |
||
| 300 | _axiv, 263p. | ||
| 490 | _aIAU Symposium; no. 49 | ||
| 500 | _aDonated by Mrs. Bappu | ||
| 650 | _aAstronomy and Astrophysics Thesaurus | ||
| 650 |
_aCircumstellar envelopes _93685 |
||
| 650 | _aHigh temperature stars | ||
| 650 |
_aWolf Rayet stars _97146 |
||
| 700 | _aBappu, M. K. V., ed. | ||
| 700 | _aSahade, J., ed. | ||
| 710 | _aInternational Astronomical Union | ||
| 942 | _cBK | ||
| 999 |
_c7651 _d7651 |
||